Welcome to WEB OPAC of MRSPTU Central Library

Elements Plant Pathology (Record no. 7551)

MARC details
000 -LEADER
fixed length control field 00387nam a2200157Ia 4500
008 - FIXED-LENGTH DATA ELEMENTS--GENERAL INFORMATION
fixed length control field 230711s9999||||xx |||||||||||||| ||und||
020 ## - INTERNATIONAL STANDARD BOOK NUMBER
International Standard Book Number 978-81-261-4717-5
041 ## - LANGUAGE CODE
Language code of text/sound track or separate title ENG
082 ## - DEWEY DECIMAL CLASSIFICATION NUMBER
Classification number 540
Item number DE-P
100 ## - MAIN ENTRY--PERSONAL NAME
Personal name Devi, M. Nithya
245 #0 - TITLE STATEMENT
Title Elements Plant Pathology
260 ## - PUBLICATION, DISTRIBUTION, ETC.
Date of publication, distribution, etc. 2011
Place of publication, distribution, etc. New Delhi
Name of publisher, distributor, etc. Anmol Publication(P) Ltd.
300 ## - PHYSICAL DESCRIPTION
Extent 280p.
650 ## - SUBJECT ADDED ENTRY--TOPICAL TERM
Topical term or geographic name entry element Agriculture
942 ## - ADDED ENTRY ELEMENTS (KOHA)
Koha item type Book
Holdings
Withdrawn status Lost status Damaged status Not for loan Collection Home library Current library Date acquired Source of acquisition Cost, normal purchase price Inventory number Total checkouts Full call number Barcode Date last seen Price effective from Koha item type Date last checked out
          MRSPTU Central Library MRSPTU Central Library   TERI 300.00 TB47944713   540 DE-P P2114 08/17/2023 08/17/2023 Book  
          MRSPTU Central Library MRSPTU Central Library   TERI 300.00 TB47944713   540 DE-P P2115 08/17/2023 08/17/2023 Book  
          MRSPTU Central Library MRSPTU Central Library   TERI 300.00 TB47944713 1 540 DE-P P2116 03/27/2024 08/17/2023 Book 03/01/2024
          MRSPTU Central Library MRSPTU Central Library   TERI 300.00 TB47944713   540 DE-P P2117 08/17/2023 08/17/2023 Book  
          MRSPTU Central Library MRSPTU Central Library   TERI 300.00 TB47944713   540 DE-P P2118 08/17/2023 08/17/2023 Book  
          MRSPTU Central Library MRSPTU Central Library   TERI 300.00 TB47944713   540 DE-P P2119 08/17/2023 08/17/2023 Book  
          MRSPTU Central Library MRSPTU Central Library   TERI 300.00 TB47944713   540 DE-P P2120 08/17/2023 08/17/2023 Book  
          MRSPTU Central Library MRSPTU Central Library   TERI 300.00 TB47944713   540 DE-P P2121 08/17/2023 08/17/2023 Book  
          MRSPTU Central Library MRSPTU Central Library   TERI 300.00 TB47944713   540 DE-P P2122 08/17/2023 08/17/2023 Book  
          MRSPTU Central Library MRSPTU Central Library   TERI 300.00 TB47944713   540 DE-P P2123 08/17/2023 08/17/2023 Book  

Website Designed and Developed by MRSPTU Central Library Team

E-mail Id: librarian@mrsptu.ac.in